| 000 | 00685nam a2200241 a 4500 | ||
|---|---|---|---|
| 001 | 000031064 | ||
| 003 | DO-SdBNP | ||
| 005 | 20180321075929.0 | ||
| 007 | 000031064 | ||
| 008 | 110613s2009 dr 000 0 spa d | ||
| 020 | _a994513131028 | ||
| 040 |
_aBPMSU _bspa _cBPMSU |
||
| 100 | 1 | _aCastro Burdiez, Tomás | |
| 245 | 0 | 0 |
_aJuan Bosch para estudiantes / _cTomás Castro Burdiéz. |
| 260 |
_aSanto Domingo : _bEducarte, _c2009. |
||
| 300 |
_a76 p. : _bil., retrs. ; _c21 cm. |
||
| 504 | _aBibliografía : p. 75 | ||
| 930 | 1 |
_l _m _8 _f _p _g |
|
| 942 |
_2ddc _cBK |
||
| 945 | _aInventariado / 2017 VM | ||
| 956 |
_a _b _c _l _h |
||
| 956 |
_aVMATEO _b10 _c20110615 _lBPMSU _h1028 |
||
| 999 |
_c7412 _d7412 |
||